000 00897nam a22002537a 4500
008 081106t xxu||||| |||| 00| 0 eng d
010 _aENG-91529
020 _c135.00
035 _aEN-75062
037 _bDBAD / PUB
040 _adpl
_bEnglish
082 _a004.678
100 _aSundar, D.
245 _aRich internet applications /
_cby D. Sundar
260 _aSivakasi
_bVelsen Art Crafts
_c2008
270 _a2/2691 Sasi Nagar,
_bSivakasi
_e626123
300 _aiii, 114p.
_c30cm (pbk)
650 _aWeb site development.
650 _aInternet programming.
650 _aAjax (Web site development technology)
650 _aApplication software
_xDevelopment
942 _2ddc
_cEN
_mSUN
_h004.678
999 _c18081
_d18081